Online
Catalog

Prefiero vivir luchando : (Record no. 49787)

MARC details
000 -CABECERA
campo de control de longitud fija 02107nam a22003977a 4500
003 - IDENTIFICADOR DEL NÚMERO DE CONTROL
campo de control DO-SdBNP
005 - FECHA Y HORA DE LA ÚLTIMA TRANSACCIÓN
campo de control 20260321073644.0
007 - CAMPO FIJO DE DESCRIPCIÓN FÍSICA--INFORMACIÓN GENERAL
campo de control de longitud fija ta
008 - DATOS DE LONGITUD FIJA--INFORMACIÓN GENERAL
campo de control de longitud fija 210428e2019 dr ac||erb||| 001 e spa d
020 ## - NÚMERO INTERNACIONAL ESTÁNDAR DEL LIBRO
Número Internacional Estándar del Libro 9789945909876
040 ## - FUENTE DE LA CATALOGACIÓN
Centro catalogador/agencia de origen DO-SdBNP
Lengua de catalogación spa
Centro/agencia transcriptor BNPHU
041 ## - CÓDIGO DE LENGUA
Código de lengua original spa
082 #2 - NÚMERO DE LA CLASIFICACIÓN DECIMAL DEWEY
Número de clasificación 923.27293
Número de documento/Ítem B742B, 2019
Número de edición 22
100 1# - ENTRADA PRINCIPAL--NOMBRE DE PERSONA
Nombre de persona Bosch Carcuro, Matías,
9 (RLIN) 75461
Fechas asociadas al nombre 1977-
245 13 - MENCIÓN DE TÍTULO
Título Prefiero vivir luchando :
Resto del título biografía de Juan Bosch en primera persona /
Mención de responsabilidad, etc. Matías Bosch Carcuro ; Janley Rivera, editor ; Ángela Hernández Núñez, prólogo
250 ## - MENCIÓN DE EDICIÓN
Mención de edición 2a. ed. aumentada
264 ## - PRODUCCIÓN, PUBLICACIÓN, DISTRIBUCIÓN, FABRICACIÓN Y COPYRIGHT
Producción, publicación, distribución, fabricación y copyright Santo Domingo :
Nombre del de productor, editor, distribuidor, fabricante Fundación Juan Bosch,
Fecha de producción, publicación, distribución, fabricación o copyright 2019
300 ## - DESCRIPCIÓN FÍSICA
Extensión 430 p. :
Otras características físicas Ilustraciones., retratos. ;
Dimensiones 23 cm.
336 ## - TIPO DE CONTENIDO
Fuente rdaconten
Término de tipo de contenido texto
Código de tipo de contenido txt
337 ## - TIPO DE MEDIO
Fuente rdamedia
Nombre/término del tipo de medio sin medición
Código del tipo de medio n
338 ## - TIPO DE SOPORTE
Fuente rdacarrier
Nombre/término del tipo de soporte volumen
Código del tipo de soporte nc
490 ## - MENCIÓN DE SERIE
Mención de serie Bosch vive;
Designación de volumen o secuencia 18
500 ## - NOTA GENERAL
Nota general Incluye índice onomástico
500 ## - NOTA GENERAL
Nota general Incluye referencias bibliográficas y notas al pie de las páginas.-
505 0# - NOTA DE CONTENIDO CON FORMATO
Nota de contenido con formato Palabras de presentación a la segunda edición.-
505 0# - NOTA DE CONTENIDO CON FORMATO
Nota de contenido con formato A modo de prólogo, unas palabras.
505 0# - NOTA DE CONTENIDO CON FORMATO
Nota de contenido con formato Presentación a la primera edición.-
Información miscelánea Capítulo I.
Título Los años más tiernos.-
Información miscelánea Capítulo II.
Título "Yo sé hacer lo que sea".-
Información miscelánea Capítulo III.
Título Como si le hubieran abierto una vena.-
Información miscelánea Capítulo IV.
Título Volver a nacer.-
Información miscelánea Capítulo V.
Título El tiempo de las armas.-
Información miscelánea Capítulo VI.
Título No perecerá la libertad.-
-- Capítulo VII.
Información miscelánea "No voy a morir en la mentira.-
-- Capítulo VIII.
Título Culminar lo que Duarte comenzó.-
Información miscelánea Capítulo IX.
Título Mientras esté vivo, estaré luchando.-
Información miscelánea Anexo I.
Título Países en los que permaneció Juan Bosch.-
Información miscelánea Anexo II.
Título Textos utilizados en la elaboración de esta biografía.-
-- Índice onomástico.-
590 ## - NOTA LOCAL (RLIN)
Nota local Inventariado, 2021 / MF
600 10 - PUNTO DE ACCESO ADICIONAL DE MATERIA--NOMBRE DE PERSONA
Nombre de persona Bosch, Juan,
Fechas asociadas al nombre 1909-2001
9 (RLIN) 76555
650 #4 - PUNTO DE ACCESO ADICIONAL DE MATERIA--TÉRMINO DE MATERIA
Término de materia o nombre geográfico como elemento de entrada Presidentes
Subdivisión geográfica República Dominicana
Subdivisión de forma Biografías
9 (RLIN) 54449
651 #4 - PUNTO DE ACCESO ADICIONAL DE MATERIA--NOMBRE GEOGRÁFICO
Nombre geográfico República Dominicana
Subdivisión general Historia
9 (RLIN) 170
700 1# - PUNTO DE ACCESO ADICIONAL--NOMBRE DE PERSONA
Nombre de persona Rivera, Janley,
Término indicativo de función/relación editor.
9 (RLIN) 78500
700 1# - PUNTO DE ACCESO ADICIONAL--NOMBRE DE PERSONA
Nombre de persona Hernández, Ángela,
Fechas asociadas al nombre 1954-
Término indicativo de función/relación prólogo.
9 (RLIN) 2564
910 ## - DATOS DE OPCIÓN DEL USUARIO (OCLC)
Datos de opción del usuario Validado. Control de calidad MFF
942 ## - ELEMENTOS DE PUNTO DE ACCESO ADICIONAL (KOHA)
Fuente del sistema de clasificación o colocación Dewey Decimal Classification
Tipo de ítem Koha Libro
Holdings
Estado de retiro Estado de pérdida Fuente del sistema de clasificación o colocación Restricciones de uso No para préstamo Código de colección Localización permanente Ubicación/localización actual Ubicación en estantería Fecha de adquisición Fuente de adquisición Signatura topográfica completa Código de barras Fecha visto por última vez Precio válido a partir de Tipo de ítem Koha Número de copia
    Dewey Decimal Classification Excluido de préstamo   Patrimonio Dominicano Biblioteca Nacional Pedro Henríquez Ureña Biblioteca Nacional Pedro Henríquez Ureña Depósito 16.10.2019 Donado por Fundación Juan Bosch BNPHU PD 923.27293 B742B 2019 2021-1609 28.04.2021 28.04.2021 Libro  
    Dewey Decimal Classification Excluido de préstamo   Patrimonio Dominicano Biblioteca Nacional Pedro Henríquez Ureña Biblioteca Nacional Pedro Henríquez Ureña Depósito 16.10.2019 Donado por Fundación Juan Bosch BNPHU PD 923.27293 B742B 2019 2021-1610 28.04.2021 28.04.2021 Libro e.2
    Dewey Decimal Classification Préstamo en sala   Dominicana de Servicio Biblioteca Nacional Pedro Henríquez Ureña Biblioteca Nacional Pedro Henríquez Ureña Depósito 18.09.2019 Depósito legal BNPHU DS 923.27293 B742B 2019 2023-2632 21.06.2023 21.06.2023 Libro e.3

Powered by Koha